000 00462nam a22001937a 4500
003 MPLRDC
005 20220104180715.0
008 210129b ||||| |||| 00| 0 eng d
020 _a983-878-285-8
082 _a524.946 LEW 1993
100 _aLIM ENG WAH, ETC.
245 _aSAINS TING. 5 KBSM
_c
250 _a初版
260 _a
_bPELANGI
_c1993
300 _b
490 _aSIRI LATIHAN TEORI PELANGI
650 _a
942 _cBK
_o524.946 LEW 1993
999 _c61061
_d61051